Historia de la ciencia /
Esta historia de la ciencia separa cronológicamente tres partes: 1. Antigüedad y Edad Media: Babilonia y Egipto; El fermento presocrático; Instituciones científicas atenienses; El periodo alejandrino; La ciencia medieval. 2. Edad moderna: La época del Renacimiento; Tradiciones y cambio científico en...
Sparad:
| Huvudupphov: | |
|---|---|
| Övriga upphov: | , |
| Materialtyp: | Bok |
| Språk: | spanska |
| Utgiven: |
Madrid, España :
Espasa-Calpe,
2005, c2005
|
| Upplaga: | 2a edición |
| Serie: | (Austral Setenta Años ;
554) |
| Ämnen: | |
| Taggar: |
Inga taggar, Lägg till första taggen!
|
MARC
| LEADER | 00000nam^a2200000^a^4500 | ||
|---|---|---|---|
| 001 | 000181376 | ||
| 005 | 20250521000000.0 | ||
| 009 | 20260310101929.504 | ||
| 020 | |a 84-670-1669-8 | ||
| 037 | |a Acervo ITESO - Biblioteca | ||
| 041 | |a ESP | ||
| 082 | |a 808. |b AUS SET V. 554 | ||
| 100 | |a Ordóñez, Javier |e (autor) | ||
| 245 | 1 | 0 | |a Historia de la ciencia / |c J. Ordóñez, V. Navarro, J.M. Sánchez Ron. |
| 250 | |a 2a edición | ||
| 264 | 4 | |a Madrid, España : |b Espasa-Calpe, |c 2005, c2005 | |
| 300 | |a 639 p. | ||
| 336 | |a texto |b txt |2 rdacontenido | ||
| 337 | |a sin mediación |b n |2 rdamedio | ||
| 338 | |a volumen |b nc |2 rdasoporte | ||
| 440 | 1 | |a (Austral Setenta Años ; |v 554) | |
| 520 | |a Esta historia de la ciencia separa cronológicamente tres partes: 1. Antigüedad y Edad Media: Babilonia y Egipto; El fermento presocrático; Instituciones científicas atenienses; El periodo alejandrino; La ciencia medieval. 2. Edad moderna: La época del Renacimiento; Tradiciones y cambio científico en el siglo XVII; El siglo XVIII, la ciencia en la época de la ilustración y los comienzos de la revolución industrial. 3. Edad Contemporánea: El siglo XIX; El siglo XX (física cuántica, la revolución relativista de Einstein, un universo en expansión, matemáticas puras aplicadas, de la genética a la biología molecular). | ||
| 649 | |a XX | ||
| 650 | |a Ciencia - |x Historia | ||
| 700 | |a Navarro, Víctor |e (autor) | ||
| 700 | |a Sánchez Ron, José Manuel |e (autor) | ||
| 910 | |a Fondo General | ||
| 920 | |a Impresos - Libros | ||
| 930 | |a Colección General | ||
| 940 | |a Literatura | ||
| 905 | |a 101 | ||
| 901 | |a 0500121251 |b IT1 |c LIT |u 20250521 | ||
| 902 | |a https://opac.biblio.iteso.mx/vufind/Record/000181376 | ||